Mel Blanc Characters - Statistics

General Stats
  • This quiz has been taken 147 times
  • The average score is 15 of 20
Answer Stats
Hint Answer % Correct
What's up, doc? Bugs Bunny
99%
That's all, folks! Porky Pig
98%
I thought I taw a puddy tat! Tweety Bird
97%
Shhhhh.....I'm hunting wabbits! Elmer Fudd
94%
Romantic French skunk Pepe Le Pew
90%
¡Ándele! ¡Ándele! ¡Arriba! ¡Arriba! Speedy Gonzales
90%
Aquatic bird with a lisp Daffy Duck
89%
That's a joke, I say, that's a joke, son! Foghorn Leghorn
89%
Cat and mouse Tom and Jerry
89%
Nemesis of the Road Runner Wile E. Coyote
89%
Bamm-Bamm's dad Barney Rubble
87%
Fred Flintstone's pet dinosaur Dino
87%
Extraterrestrial in Roman armor Marvin Martian
86%
You're dethpicable! Sylvester the cat
85%
Grouchy, gunslinging cowboy Yosemite Sam
78%
Short-tempered and a voracious appetite Tasmanian Devil
57%
George Jetson's boss Cosmo G. Spacely
54%
Ha-ha-ha-HAA-ha! Woody Woodpecker
49%
James Bond-style masked rodent Secret Squirrel
15%
Small but tough chickenhawk Henery Hawk
14%
No matching quizzes found
Score Distribution
Percent of People with Each Score
Percentile by Number Answered
Your Score History
You have not taken this quiz